00810cam a22002174a 4500003000400000005001700004008004100021020001500062040002400077082002000101100002800121245011400149260006700263300002900330504006600359650003600425650003400461650002900495700003700524700003100561INP20181114123437.0030617s2003 enka frb 001 0 eng d a0754638073 aEG-INPcEG-INPbeng04a370.96221bA C1 aColclough, Christopher.10aAchieving schooling for all in Africa :bcosts, commitment, and gender /cChristopher Colclough ... [et al.]. aAldershot, Hants, England ;aBurlington, VT :bAshgate,c2003. a297 p. :bill. ;c23 cm. aIncludes bibliographical references (p. [275]-288) and index. 0aThe right to educationzAfrica. 0aCompulsory EducationzAfrica. 0aBasic educationzAfrica.1 aal- samarrai, samer,eCo-Author.1 arose, pauline,eCo-Author.